[Event "Est ch 2020 U16"]
[Site "Narva"]
[Date "2020.02.29"]
[Round "5.7"]
[White "Raag, Ardi"]
[Black "Mikko, Rondo"]
[Result "1/2-1/2"]
[WhiteElo "1774"]
[BlackElo "1542"]
[PlyCount "107"]
[EventDate "2020.02.27"]
[EventCountry "EST"]
[SourceVersionDate "2020.03.16"]

1. e4 e5 2. Nf3 Nc6 3. Bb5 a6 4. Ba4 f5 5. Nc3 Nf6 6. Qe2 d6 7. Bxc6+ bxc6 8.
d4 Qe7 9. dxe5 dxe5 10. exf5 e4 11. Nd4 Qd6 12. Qc4 Qc5 13. Qxc5 Bxc5 14. Nxc6
Bxf5 15. O-O Kd7 16. Ne5+ Ke6 17. Nc4 Nd5 18. Nxd5 Kxd5 19. b3 Rhd8 20. Be3 Bd6
21. Bg5 Rd7 22. Ne3+ Ke6 23. Rad1 h6 24. Bh4 Rf8 25. c4 Rff7 26. Bg3 Bc5 27.
Nc2 Bg4 28. Rde1 Bf5 29. b4 Rd2 30. Rc1 e3 31. Nxe3 Bxe3 32. Rfe1 Rxa2 33.
Rxe3+ Kd7 34. c5 Kc6 35. Be5 Re7 36. h3 Ra4 37. Rc4 g5 38. h4 Kb5 39. Rd4 g4
40. Rb3 Rd7 41. Rxd7 Bxd7 42. Bxc7 Rxb4 43. Rd3 Bc6 44. Bd6 Rb2 45. f3 gxf3 46.
gxf3 a5 47. Re3 Rb1+ 48. Kf2 Rb2+ 49. Ke1 Rb1+ 50. Ke2 Bd7 51. Kd3 a4 52. Kc2
Bf5+ 53. Kd2 Rb2+ 54. Kc3 1/2-1/2

[Event "Est ch 2020 U16"]
[Site "Narva"]
[Date "2020.02.29"]
[Round "5.8"]
[White "Kull, Tormi"]
[Black "Snitsarenko, Igor"]
[Result "1/2-1/2"]
[WhiteElo "1523"]
[BlackElo "1602"]
[PlyCount "30"]
[EventDate "2020.02.27"]
[EventCountry "EST"]
[SourceVersionDate "2020.03.16"]

1. e4 c5 2. Nf3 e6 3. b4 cxb4 4. d4 d5 5. e5 Nc6 6. a3 Bd7 7. axb4 Bxb4+ 8. c3
Bf8 9. Bd3 Nge7 10. Ng5 h6 11. Qh5 g6 12. Qh3 Bg7 13. Nf3 a6 14. Bd2 Na5 15.
Na3 Nb3 1/2-1/2

[Event "Est ch 2020 U16"]
[Site "Narva"]
[Date "2020.02.29"]
[Round "5.9"]
[White "Shnurov, Daniil"]
[Black "Padari, Tuudur Jakob"]
[Result "1/2-1/2"]
[WhiteElo "1558"]
[BlackElo "1256"]
[PlyCount "98"]
[EventDate "2020.02.27"]
[EventCountry "EST"]
[SourceVersionDate "2020.03.16"]

1. d4 d5 2. c4 e6 3. Nf3 Nf6 4. Nc3 c6 5. Bg5 dxc4 6. e4 b5 7. e5 h6 8. Bh4 g5
9. Nxg5 hxg5 10. Bxg5 Nbd7 11. Qf3 {Tänapäeval nõnda enam ei mängita. See
käik tuletab meelde variandi algusaastaid... viskamegi siis pilgu peale
maailmasõjas hukkunud sakslase Klaus Junge ning variandile kuulsust toonud
Mihhail Botvinniku loomingule.} (11. exf6 Bb7 12. Be2 Qb6 13. O-O O-O-O 14. h4
(14. a4 b4 15. Ne4 c5 16. Qb1 Qc7 17. Ng3 cxd4 18. Bxc4 Qc6 19. f3 d3 20. Qc1
Bc5+ 21. Kh1 Qd6 22. Qf4 Rxh2+ 23. Kxh2 Rh8+ 24. Qh4 Rxh4+ 25. Bxh4 Qf4 {
0-1 (25) Denker,A-Botvinnik,M Radio 1945}) 14... Bh6 15. a4 Bxg5 16. hxg5 b4
17. Ne4 c5 18. a5 Qc7 19. Ng3 Ne5 20. a6 Bc6 21. Qc1 Rxd4 22. Qe3 Rdh4 23. Rfc1
Rh2 24. f4 Rxg2+ 25. Kf1 Rh3 26. Qxc5 Rgxg3 27. Qf8+ Qd8 28. Qxd8+ Kxd8 29.
fxe5 Rh1+ 30. Kf2 Rg2+ 31. Ke3 Rh3+ 32. Kd4 Rxe2 33. Rxc4 Re4+ 34. Kc5 Rxc4+
35. Kxc4 Rg3 {0-1 (35) Ragozin,V-Botvinnik,M Moscow 1941}) 11... Bb7 12. Be2
Qb6 (12... Rg8 13. h4 (13. Bxf6 Nxf6 14. Qxf6 Qxf6 15. exf6 Rxg2 16. a4 Rg6 17.
Ne4 c5 18. Bf3 O-O-O 19. dxc5 Bxc5 20. Ke2 Bxe4 21. Bxe4 Rxf6 22. f3 Rg8 23.
axb5 Rg2+ 24. Kd1 e5 25. Ra4 Rxb2 26. Rxc4 Rxb5 27. Ke2 Kd7 28. h4 Rb2+ 29. Rc2
Rxc2+ 30. Bxc2 Ke6 31. h5 Rh6 32. Bb3+ Ke7 33. Rh4 Bd4 34. f4 f6 35. Kf3 a5 36.
Ke4 Kd6 37. Rh1 Kc5 38. Rc1+ Kb4 39. Bf7 a4 40. Rc4+ Kb5 41. Kd3 Rh8 42. Rc2 a3
43. Rh2 Rh6 44. Ke4 Bb2 45. Rh3 Kc5 46. Ba2 Kd6 47. Kf5 Ke7 48. Rh1 Kf8 49. Rh4
Kg7 50. Rg4+ Kh8 51. Rh4 exf4 52. Kxf4 Rh7 53. Kf5 Rd7 54. Ra4 Kg7 55. Rg4+ Kh7
56. Ra4 Rg7 57. Bb1 Kh6 58. Ra8 Rg5+ 59. Kf4 Bc1+ 60. Kf3 f5 61. Rh8+ Kg7 62.
Rc8 Bb2 63. Ba2 Kh6 64. Rc6+ Kh7 65. Rc7+ Rg7 66. Rc5 {1/2 (66) Szabo,L-Euwe,M
Hastings White Rock Pavilion 1938}) 13... Qb6 14. exf6 (14. Bxf6 Nxf6 15. Qxf6
Be7 16. Qf4 Rxg2 17. a4 Rd8 18. Rd1 bxa4 19. Kf1 Rg7 20. Rh3 c5 21. d5 exd5 22.
Nxa4 Qe6 23. Rg3 Rxg3 24. Qxg3 Qg6 25. e6 Qxg3 26. exf7+ Kxf7 27. fxg3 Ke6 28.
Bg4+ Kd6 29. Re1 Bc8 30. Bf3 Rf8 31. Kg2 Bf6 32. Nc3 Be6 33. Nb5+ Kd7 34. Nc7
Kxc7 35. Rxe6 Bxb2 36. Bxd5 c3 37. Rc6+ Kd7 38. Rxc5 Kd6 {0-1 (38) Schaefer,
M-Junge,K Dresden 1942}) 14... c5 15. d5 b4 16. Bxc4 (16. Na4 Qa6 17. b3 Bxd5
18. Bxc4 Bxf3 19. Bxa6 Bxg2 20. Rh2 Bd5 21. f4 Bd6 22. Rd1 Kd8 23. Bc4 Kc7 24.
Bxd5 exd5 25. Rxd5 Rae8+ 26. Kf1 Re6 27. Rhd2 Nxf6 28. Rxd6 Rxd6 29. Rxd6 Kxd6
30. Bxf6 Rg4 31. f5 Rf4+ 32. Kg2 Rxf5 33. Bg5 c4 34. bxc4 Ra5 35. Nb2 Rxa2 36.
Bf6 a5 37. h5 Ke6 38. Bd4 f6 39. c5 a4 40. Kf3 a3 41. Nd3 b3 42. Nf4+ Kd7 43.
h6 Rh2 44. Kg3 Rxh6 45. Nd3 Rh1 46. Bxf6 Rd1 47. Ne5+ Ke6 48. Nc4 Kxf6 49. Nxa3
b2 {0-1 (49) Feigins,M-Stahlberg,G Mar del Plata 1941}) 16... bxc3 17. dxe6
cxb2 18. Rb1 Rxg5 19. exd7+ Kd8 20. Qc3 Rxg2 21. Rxb2 Qc7 22. Rh3 Rg1+ 23. Ke2
Bg2 24. Rg3 Bf1+ 25. Kd1 Qd6+ 26. Rd2 Qxg3 27. fxg3 Bd3# {0-1 (27)
Lehmann-Junge,K Rostock 1942}) 13. Bxf6 (13. exf6) 13... Nxf6 (13... c5 14. d5
(14. Ne4 Rg8 15. Qf4 cxd4 16. Bh5 Nc5 17. Bxf7+ Kd7 18. Nxc5+ Bxc5 19. O-O-O
Bd5 20. Bxg8 Rxg8 21. h4 c3 22. bxc3 Qa5 23. Rd2 dxc3 24. Rxd5+ exd5 25. Qf5+
Kc7 26. Qh7+ Kb6 27. Qc2 Qb4 28. g3 Qd4 29. h5 Ba3+ 30. Kb1 Qb4+ 31. Ka1 d4 32.
Rd1 Rc8 33. Bg5 d3 34. Qb3 Bb2+ 35. Kb1 Qxb3 36. axb3 c2+ {0-1 (36) Zollner,
H-Junge,K Lublin/Warsaw/Krakow 1942}) 14... Nxf6 15. Qxf6 Rh6 16. Qf4 exd5 17.
Bf3 Rd8 18. Rd1 d4 19. Bxb7 Qxb7 20. Ne4 Bg7 21. O-O Qe7 22. Rfe1 Re6 23. Qd2
Rxe5 24. f4 Re6 25. f5 Bh6 26. f6 Be3+ 27. Rxe3 dxe3 28. fxe7 Rxd2 29. Nxd2 Rd6
30. Kf1 exd2 31. Ke2 b4 32. Rxd2 Rxd2+ 33. Kxd2 Kxe7 34. Ke3 a5 35. a4 f5 36.
Kd2 f4 {0-1 (36) Starke,H-Junge,K Denmark 1942}) 14. Qxf6 Rh7 15. Rd1 Be7 16.
Qf4 O-O-O 17. Bf3 a6 18. O-O Qc7 19. g3 f5 20. Bg2 (20. d5 cxd5 21. Nxd5 Bxd5
22. Bxd5 Qb6) 20... Kb8 21. Ne2 Rg8 22. Qf3 c5 23. Qxb7+ Qxb7 24. Bxb7 Kxb7 25.
Nf4 cxd4 26. Rxd4 Bc5 27. Rd2 Re8 28. a3 Kc6 29. Rfd1 Rhe7 30. h4 Rg7 31. Kg2
Kb6 32. h5 a5 33. Kh3 b4 34. axb4 Bxb4 35. Rc2 Kb5 36. Rdc1 Rc7 37. f3 Rc6 38.
Rd1 (38. g4 fxg4+ 39. fxg4) 38... a4 39. Ne2 Rc5 40. Rd4 Rec8 41. h6 Rxe5 42.
h7 Be7 43. Nf4 ({Siin oli väga tugev} 43. Rdxc4 Rh8 44. Nd4+ Kb6 45. Rc6+ Ka5
46. Rc7 Rxh7+ 47. Kg2 {ja vaatamata materjali võrdsusele on musta lood väga
halvad. Pikantne variant -} Kb6 48. R2c6+ Ka5 49. Ra7+ Kb4 50. Rb7+ Ka5 51. b3
a3 (51... axb3 52. Nxb3+ Ka4 53. Ra6+) 52. Ra7+ Kb4 53. Ra4#) 43... Bf6 44. Rd7
Re1 45. Rb7+ Ka5 46. Rf7 Bh8 47. Ng6 Rh1+ 48. Kg2 Rh6 49. Nxh8 Rxh8 1/2-1/2

[Event "Est ch 2020 U16"]
[Site "Narva"]
[Date "2020.02.29"]
[Round "5.10"]
[White "Naestema, Joonas Aditya"]
[Black "Pomaznjov, Aleksei"]
[Result "1-0"]
[WhiteElo "1341"]
[BlackElo "1179"]
[PlyCount "91"]
[EventDate "2020.02.27"]
[EventCountry "EST"]
[SourceVersionDate "2020.03.16"]

1. d4 Nf6 2. Nf3 g6 3. Bf4 Bg7 4. e3 d5 5. c4 O-O 6. Nc3 Nc6 7. Be2 dxc4 8.
Bxc4 Bf5 9. O-O e6 10. Bg5 Qd7 11. Bb5 Ne4 12. Bf4 Qe7 13. Rc1 g5 14. Nxe4 gxf4
15. Nc5 fxe3 16. fxe3 Nb4 17. a3 Nd5 18. e4 Ne3 19. Qe2 Nxf1 20. exf5 Nxh2 21.
Kxh2 Qd6+ 22. g3 exf5 23. Rd1 b6 24. Nd7 Rfe8 25. Nf6+ Bxf6 26. Bxe8 c6 27. Rc1
Rc8 28. Bxc6 f4 29. g4 Bh4 30. Qe5 Bg3+ 31. Kg2 Qg6 32. Qg5 Rxc6 33. Rxc6 Qxg5
34. Nxg5 Bh4 35. Nf3 Bg3 36. Rc8+ Kg7 37. Rc7 Kg6 38. Ne5+ Kg5 39. Nxf7+ Kxg4
40. Ne5+ Kf5 41. Rxh7 Ke4 42. Nf3 a5 43. Rh6 Ke3 44. Rxb6 Bf2 45. Re6+ Kd3 46.
Kxf2 1-0

[Event "Est ch 2020 U16"]
[Site "Narva"]
[Date "2020.02.29"]
[Round "5.11"]
[White "Mertins, Ostap"]
[Black "Nazarov, Vladislav"]
[Result "1-0"]
[WhiteElo "1375"]
[BlackElo "1546"]
[PlyCount "99"]
[EventDate "2020.02.27"]
[EventCountry "EST"]
[SourceVersionDate "2020.03.16"]

1. e4 c5 2. Nf3 Nc6 3. d4 cxd4 4. Nxd4 Nf6 5. Nc3 e5 6. Nb3 d6 7. Bc4 a6 8. a3
b5 9. Be2 Be7 10. Be3 Be6 11. Nd5 Bxd5 12. exd5 Na5 13. Nxa5 Qxa5+ 14. b4 Qc7
15. c4 bxc4 16. Rc1 c3 17. Qb3 Qb7 18. Bc4 Ne4 19. f3 Nd2 20. Qxc3 Nxc4 21.
Qxc4 O-O 22. Qc7 Rab8 23. O-O Rfe8 24. Qxb7 Rxb7 25. Rc6 Ra8 26. Rfc1 f5 27.
Bb6 Kf7 28. Bc7 Rb5 29. Rd1 Rc8 30. Bxd6 Rxd5 31. Rxd5 Rxc6 32. Bxe7 Kxe7 33.
Rxe5+ Kf6 34. Ra5 g6 35. g3 Ke7 36. f4 Kd7 37. b5 axb5 38. Rxb5 Ra6 39. Rb7+
Ke6 40. Rb3 Kd5 41. Kg2 Kc4 42. Re3 Kd4 43. Rf3 Ra4 44. Kh3 Rc4 45. Rb3 Kc5 46.
Rb7 Ra4 47. Rxh7 Rxa3 48. Kh4 Kd5 49. Kg5 Ra6 50. Rh6 1-0

[Event "Est ch 2020 U16"]
[Site "Narva"]
[Date "2020.02.29"]
[Round "5.12"]
[White "Tõnisson, Trent Asso"]
[Black "Pallum, Rasmus"]
[Result "1/2-1/2"]
[WhiteElo "1580"]
[BlackElo "1159"]
[PlyCount "37"]
[EventDate "2020.02.27"]
[EventCountry "EST"]
[SourceVersionDate "2020.03.16"]

1. e4 e5 2. Nc3 Nf6 3. Bc4 Nc6 4. d3 h6 5. Be3 Bb4 6. Nge2 d6 7. h3 O-O 8. O-O
Be6 9. Bb3 Bxb3 10. axb3 d5 11. Nxd5 Nxd5 12. exd5 Qxd5 13. d4 exd4 14. Nxd4
Nxd4 15. Qxd4 Qxd4 16. Bxd4 a6 17. Rad1 Rfe8 18. c3 Bd6 19. Rfe1 1/2-1/2

[Event "Est ch 2020 U16"]
[Site "Narva"]
[Date "2020.02.29"]
[Round "5.13"]
[White "Makarov, Gleb"]
[Black "Luik, Ott-Robert"]
[Result "0-1"]
[WhiteElo "1275"]
[BlackElo "1149"]
[PlyCount "104"]
[EventDate "2020.02.27"]
[EventCountry "EST"]
[SourceVersionDate "2020.03.16"]

1. d4 d5 2. Bf4 Nf6 3. c3 e6 4. Nd2 Be7 5. Ngf3 O-O 6. e3 c5 7. Bd3 c4 8. Bc2
Nc6 9. Bg3 Bd6 10. Ne5 Bxe5 11. Bxe5 Nxe5 12. dxe5 Nd7 13. f4 Qb6 14. O-O Qxe3+
15. Kh1 Qb6 16. Rb1 Nc5 17. Rf3 Qc6 18. Rh3 ({Arvatavasti valge kaalus
odaohvrit} 18. Bxh7+ Kxh7 19. Rh3+ Kg8 20. Qh5 f5 {ent mis edasi? Võidutee on
ainus -} 21. exf6 Rxf6 22. Qh8+ Kf7 23. Rh7 Rg6 24. Nf3 Nd3 25. Ne5+ Nxe5 26.
fxe5 Ke7 27. Rf1 {Ok, polegi nii lihtne, või kuidas?}) 18... h6 19. Qg4 f5 20.
Qg6 Qe8 21. Rxh6 Qxg6 22. Rxg6 Kh7 23. Rg5 Ne4 24. Nxe4 dxe4 (24... fxe4 25. g3
Bd7) 25. g4 g6 26. gxf5 exf5 27. Rbg1 Rg8 28. Bd1 (28. h4 Be6 29. h5 Bf7 30.
hxg6+ Bxg6 31. Ba4 {[%cal Re5e7,Ra4d7,Rd7f5]}) 28... Be6 29. R5g3 Bf7 30. Be2
Rad8 31. R3g2 Bd5 32. Rf1 b5 33. a3 Bc6 34. h3 Rd2 35. a4 a6 36. axb5 axb5 37.
Bf3 Rgd8 38. Rxd2 Rxd2 39. Bg2 e3 40. Bxc6 e2 41. Re1 Rd1 42. Bf3 Rxe1+ 43. Kg2
Rb1 44. Bxe2 Rxb2 45. Kf1 Rc2 46. e6 Kg7 47. Bf3 Rxc3 48. Bc6 Kf6 49. Bxb5 Kxe6
50. Be8 Rf3+ 51. Ke2 Rxf4 52. Bxg6 Ke5 0-1

[Event "Est ch 2020 U16"]
[Site "Narva"]
[Date "2020.02.29"]
[Round "5.14"]
[White "Karis, Fredi"]
[Black "Lazojev, Mark"]
[Result "1-0"]
[WhiteElo "1013"]
[BlackElo "1171"]
[PlyCount "63"]
[EventDate "2020.02.27"]
[EventCountry "EST"]
[SourceVersionDate "2020.03.16"]

1. e4 e5 2. Nf3 Nc6 3. Bc4 Bc5 4. d3 Nf6 5. Nc3 d6 6. Bg5 h6 7. Bh4 Be6 8. Bd5
g5 9. Nxg5 hxg5 10. Bxg5 Rg8 11. h4 Rg6 12. Qd2 Nd4 13. h5 Rxg5 14. Qxg5 Nxc2+
15. Kd2 Nxa1 16. h6 Ke7 17. Bxe6 Kxe6 18. Qf5+ Ke7 19. Qg5 c6 20. f4 exf4 21.
e5 Be3+ 22. Kd1 dxe5 23. Qxe5+ Kd7 24. h7 Qh8 25. Qf5+ Kd8 26. Qe5 c5 27. Nb5
Rc8 28. Nd6 Kd7 29. Nxc8 Kxc8 30. Qf5+ Kd8 31. Qe5 Bd4 32. Qb8+ 1-0

[Event "Est ch 2020 U16"]
[Site "Narva"]
[Date "2020.02.29"]
[Round "5.15"]
[White "Rodin, Robert"]
[Black "Desjatnikov, Svetoslav"]
[Result "1-0"]
[WhiteElo "1178"]
[BlackElo "1108"]
[PlyCount "111"]
[EventDate "2020.02.27"]
[EventCountry "EST"]
[SourceVersionDate "2020.03.16"]

1. e4 e5 2. Nf3 Nc6 3. d4 exd4 4. Nxd4 Bb4+ 5. c3 Bc5 6. Be3 Bxd4 7. cxd4 d6 8.
Bc4 Qf6 9. Nc3 a6 10. Qa4 Bd7 11. Nd5 Qd8 12. Qd1 Nf6 13. Nc3 Bc8 14. O-O b5
15. Be2 d5 16. e5 Ne4 17. Nxe4 dxe4 18. f3 f6 19. f4 Be6 20. f5 Bd5 21. Bh5+
Kf8 22. e6 Ne7 23. b3 g6 24. fxg6 Nxg6 25. Bg5 Kg8 26. Bxf6 Qe8 27. Bxh8 Kxh8
28. Qg4 Qxe6 29. Qxe6 Bxe6 30. Bxg6 hxg6 31. Rac1 Rc8 32. Rf6 Bf5 33. Rxa6 e3
34. Re1 c5 35. dxc5 Rxc5 36. Rxe3 Rc2 37. Ra7 Rc1+ 38. Kf2 Rc2+ 39. Kg3 Rc8 40.
Rb7 Bb1 41. Rxb5 Bxa2 42. Rb6 Kh7 43. b4 Bd5 44. b5 Kh6 45. Rd6 Bb7 46. h4 Rb8
47. Ree6 Rg8 48. Re7 Ba8 49. b6 Rb8 50. Rdd7 g5 51. hxg5+ Kxg5 52. b7 Rxb7 53.
Rxb7 Bxb7 54. Rxb7 Kh5 55. Rg7 Kh6 56. Rg4 1-0

[Event "Est ch 2020 U16"]
[Site "Narva"]
[Date "2020.02.29"]
[Round "6.1"]
[White "Pedoson, Georg Aleksander"]
[Black "Protassov, Vlad"]
[Result "1-0"]
[WhiteElo "2160"]
[BlackElo "1913"]
[PlyCount "101"]
[EventDate "2020.02.27"]
[EventCountry "EST"]
[SourceVersionDate "2020.03.16"]

1. c4 e6 2. Nf3 d5 3. e3 Nf6 4. b3 c5 5. Bb2 Nc6 6. cxd5 exd5 7. Bb5 Be7 8. O-O
O-O 9. d4 Bg4 10. h3 Bxf3 11. Qxf3 cxd4 12. Bxc6 bxc6 13. Bxd4 c5 14. Bb2 Qb6
15. Nc3 Rfd8 16. Rfd1 Qe6 17. Ne2 Qe4 18. Qxe4 dxe4 19. Kf1 g6 20. Ng3 Nd5 21.
Nxe4 f5 22. Nd2 a5 23. Nc4 a4 24. Rd3 axb3 25. axb3 Rxa1+ 26. Bxa1 f4 27. Ke2
fxe3 28. fxe3 Kf7 29. Be5 Ke6 30. Bg3 Bf6 31. Be1 Rd7 32. Bd2 Rb7 33. e4 Nc7
34. Rd6+ Ke7 35. e5 Bh4 36. Na5 Rb5 37. g3 Bxg3 38. Nc6+ Kf8 39. Bh6+ Kf7 40.
Rd7+ Ke6 41. Rxc7 Rxb3 42. Be3 Bxe5 43. Nxe5 Kxe5 44. Rxh7 c4 45. Rg7 Rb2+ 46.
Kf3 Rb1 47. Rxg6 Rh1 48. Kg2 Re1 49. Bf2 Re4 50. Rg4 c3 51. Kf3 1-0

[Event "Est ch 2020 U16"]
[Site "Narva"]
[Date "2020.02.29"]
[Round "6.2"]
[White "Olde, Karl Erik"]
[Black "Rytshagov, Nikita"]
[Result "0-1"]
[WhiteElo "1752"]
[BlackElo "1837"]
[PlyCount "116"]
[EventDate "2020.02.27"]
[EventCountry "EST"]
[SourceVersionDate "2020.03.16"]

1. d4 d5 2. c4 e6 3. Nf3 Nf6 4. e3 Be7 5. Nc3 O-O 6. cxd5 exd5 7. Be2 c6 8. O-O
h6 9. Qc2 Bd6 10. a3 Re8 11. b4 Ne4 12. b5 Bf5 13. Nxe4 dxe4 14. Nd2 Qg5 15.
Re1 Qg6 16. Nf1 cxb5 17. Bxb5 Nc6 18. Bb2 Rac8 19. Qd2 Bd7 20. Be2 h5 21. Rec1
h4 22. Kh1 Rcd8 23. Qd1 Qf5 24. f4 exf3 25. Bxf3 h3 26. g3 g5 27. g4 Qg6 28.
Qe2 f5 29. gxf5 Qxf5 30. Nd2 Bf4 31. e4 Bxd2 32. Rf1 Qf4 33. d5 Qe3 34. dxc6
Qxe2 35. Bxe2 bxc6 36. Bf6 c5 37. Bc4+ Kh7 38. Bxd8 Rxd8 39. Bd5 Bg4 40. Rab1
Be3 41. Rb7+ Kg6 42. Rff7 Be2 43. Rb2 Bd3 44. Re7 (44. Rf3 Rxd5 45. Rxe3 Bxe4+
46. Kg1) 44... Rf8 45. Re6+ Kh5 46. Rb1 Bxb1 47. Bc4 Rf2 48. Re8 Ba2 49. Rh8+
Kg6 50. Rxh3 Bxc4 51. Rxe3 Be6 52. Kg1 Rc2 53. h3 c4 54. Kf1 Rb2 55. Rf3 Rb3
56. Rf8 Bxh3+ 57. Ke2 Rxa3 58. Rc8 Bxc8 0-1

[Event "Est ch 2020 U16"]
[Site "Narva"]
[Date "2020.02.29"]
[Round "6.3"]
[White "Andrijashkin, Deniss"]
[Black "Aga, Rihard"]
[Result "1/2-1/2"]
[WhiteElo "1946"]
[BlackElo "2054"]
[PlyCount "50"]
[EventDate "2020.02.27"]
[EventCountry "EST"]
[SourceVersionDate "2020.03.16"]

1. e4 c6 2. Nf3 d5 3. Nc3 Bg4 4. h3 Bxf3 5. Qxf3 e6 6. Be2 Nd7 7. d4 dxe4 8.
Nxe4 Ngf6 9. O-O Nxe4 10. Qxe4 Nf6 11. Qd3 Bd6 12. Rd1 Qc7 13. Bd2 O-O 14. Be1
e5 15. dxe5 Bxe5 16. c3 Rfe8 17. Bf3 Rad8 18. Qc2 Bf4 19. Bd2 Bxd2 20. Rxd2
Rxd2 21. Qxd2 Rd8 22. Qe3 a6 23. Rd1 h6 24. Rxd8+ Qxd8 25. Qa7 Qd2 1/2-1/2

[Event "Est ch 2020 U16"]
[Site "Narva"]
[Date "2020.02.29"]
[Round "6.4"]
[White "Pedmanson, Herman"]
[Black "Sadekov, Maksim"]
[Result "1-0"]
[WhiteElo "1741"]
[BlackElo "1664"]
[PlyCount "47"]
[EventDate "2020.02.27"]
[EventCountry "EST"]
[SourceVersionDate "2020.03.16"]

1. d4 e6 2. Nf3 b6 3. Bf4 Bb7 4. e3 f5 5. Bd3 Nf6 6. Nbd2 Be7 7. c3 O-O 8. Qc2
Nh5 9. Bg3 a5 10. O-O-O Ba6 11. Bxa6 Nxa6 12. Ne5 d5 13. Kb1 Bd6 14. Ndf3 Nxg3
15. hxg3 Bxe5 16. Nxe5 c5 17. g4 b5 18. gxf5 exf5 19. g4 b4 20. gxf5 h6 21.
Rdg1 bxc3 22. f4 Nb4 23. Rxg7+ Kxg7 24. Qg2+ 1-0

[Event "Est ch 2020 U16"]
[Site "Narva"]
[Date "2020.02.29"]
[Round "6.5"]
[White "Pedmanson, Albert"]
[Black "Rikas, Artur"]
[Result "1-0"]
[WhiteElo "1736"]
[BlackElo "1566"]
[PlyCount "95"]
[EventDate "2020.02.27"]
[EventCountry "EST"]
[SourceVersionDate "2020.03.16"]

1. e4 e6 2. d4 d5 3. Nd2 c5 4. c3 Nc6 5. Ngf3 Nf6 6. Bd3 cxd4 7. Nxd4 Nxd4 8.
cxd4 Be7 9. b3 O-O 10. Bb2 b6 11. O-O dxe4 12. Nxe4 Bb7 13. f3 Nd5 14. Qe1 Rc8
15. Qf2 Nb4 16. Rfd1 Nxd3 17. Rxd3 Qd7 18. a3 Rc7 19. Rad1 Bd5 20. b4 Rfc8 21.
Qg3 h6 22. Nc3 Bf6 23. Ne4 Be7 24. Nc3 Bf6 25. h3 Rc4 26. Qg4 Be7 27. Qg3 a6
28. Qf2 Qc6 29. Ne2 Rc2 30. R3d2 Rxd2 31. Rxd2 Bg5 32. f4 Bf6 33. Nc1 Be4 34.
Nd3 Bxd3 35. Rxd3 Qd5 36. g4 Rc4 37. Rd2 g6 38. Kh2 b5 39. Kg3 Kg7 40. h4 Qh1
41. g5 hxg5 42. hxg5 Be7 43. d5+ Kg8 44. d6 Bxg5 45. fxg5 Rh4 (45... Qh4+ 46.
Kg2 Qxg5+ 47. Kf1 Rf4 48. Qxf4 Qxf4+ 49. Ke1) 46. Qg2 Qe1+ 47. Rf2 Rh5 48. Qa8+
1-0

[Event "Est ch 2020 U16"]
[Site "Narva"]
[Date "2020.02.29"]
[Round "6.6"]
[White "Nikitin, Arseni"]
[Black "Shnurov, Daniil"]
[Result "0-1"]
[WhiteElo "1680"]
[BlackElo "1558"]
[PlyCount "84"]
[EventDate "2020.02.27"]
[EventCountry "EST"]
[SourceVersionDate "2020.03.16"]

1. e4 c6 2. d4 d5 3. e5 Bf5 4. h4 h5 5. c4 e6 6. Nc3 Bb4 7. Qb3 Bxc3+ 8. bxc3
Qc7 9. Ba3 Ne7 10. Be2 dxc4 11. Bxc4 Nd5 12. Bxd5 cxd5 13. Ne2 Nc6 14. Bd6 Qb6
15. f3 Na5 16. Qa4+ Nc6 17. Kf2 Bd3 18. Nf4 Bf5 19. Rac1 a6 20. g4 hxg4 21.
fxg4 Be4 22. Rhe1 Qb5 23. Qd1 Rxh4 24. Kg3 g5 25. Nh5 Bg6 26. Nf6+ (26. c4 dxc4
27. Nf6+ Kd8 28. Qd2) 26... Kd8 27. Qf3 (27. c4) 27... Qc4 28. Rh1 b5 29. Rxh4
gxh4+ 30. Kxh4 Qxa2 31. Kg3 Kc8 32. Rh1 Kb7 33. Nd7 Rd8 34. Nc5+ Kb6 35. Rh2
Qb1 36. Qe3 a5 37. c4 Nb4 38. cxb5 Kxb5 39. Qa3 Qg1+ 40. Rg2 Qe1+ 41. Kf4 Qf1+
42. Kg5 (42. Kg3 Be4 43. Rb2 Qg1+ 44. Kf4 Qc1+ 45. Kg3 Qe1+ 46. Kf4 Rh8 47.
Qa4+ Kc4 (47... Kb6 48. Bc7+ Kxc7 49. Qd7+ Kb6 50. Qb7#)) 42... Bc2 0-1

[Event "Est ch 2020 U16"]
[Site "Narva"]
[Date "2020.02.29"]
[Round "6.7"]
[White "Naestema, Joonas Aditya"]
[Black "Krivenko, Dion"]
[Result "0-1"]
[WhiteElo "1341"]
[BlackElo "1935"]
[PlyCount "88"]
[EventDate "2020.02.27"]
[EventCountry "EST"]
[SourceVersionDate "2020.03.16"]

1. e4 c5 2. Nf3 d6 3. d4 cxd4 4. Nxd4 Nf6 5. Nc3 g6 6. Be3 Bg7 7. Bc4 a6 8. f3
Nbd7 9. Qd2 h5 10. h3 Qc7 11. Bb3 Ne5 12. Qe2 Ned7 13. f4 Nc5 14. Qf3 Nxb3 15.
Nxb3 Bd7 16. Qf2 Rc8 17. Bb6 Qc4 18. Nd2 Qb4 19. Rb1 Rc6 20. Be3 Qa5 21. Nb3
Qc7 22. Bd4 e5 23. fxe5 dxe5 24. Bc5 Be6 25. Bb4 Rc4 26. Ba5 Qc6 27. Nd2 Rd4
28. Nf3 Nxe4 29. Nxd4 Nxf2 30. Nxc6 Nxh1 31. Nd8 O-O 32. Ne4 Bd5 33. Nf2 Bxg2
34. Nxh1 Bxh1 35. Kf2 Bf6 36. Rxh1 Bxd8 37. Bc3 f6 38. Kf3 Bb6 39. Rh2 Kf7 40.
Ke4 Ke6 41. Rg2 Rg8 42. Bb4 g5 43. Rd2 Rd8 44. Rf2 Bxf2 0-1

[Event "Est ch 2020 U16"]
[Site "Narva"]
[Date "2020.02.29"]
[Round "6.8"]
[White "Padari, Tuudur Jakob"]
[Black "Raag, Ardi"]
[Result "1/2-1/2"]
[WhiteElo "1256"]
[BlackElo "1774"]
[PlyCount "123"]
[EventDate "2020.02.27"]
[EventCountry "EST"]
[SourceVersionDate "2020.03.16"]

1. Nf3 d5 2. c4 e6 3. d4 Nf6 4. e3 c5 5. Nc3 Nc6 6. dxc5 Bxc5 7. cxd5 exd5 8.
Ne2 Bg4 9. Ned4 Bxd4 10. exd4 Bxf3 11. Qxf3 Nxd4 12. Qe3+ Qe7 13. Qxe7+ Kxe7
14. Bd3 Ne6 15. b3 a6 16. O-O Rhd8 17. Ba3+ Kd7 18. Rfe1 Rac8 19. Rad1 Rc6 20.
Bb2 Ke7 21. Ba3+ Ke8 22. Bb2 h6 23. Ba3 Rd7 24. g3 Kd8 25. Bb2 Ne4 26. Bxe4
dxe4 27. Rxd7+ Kxd7 28. Rxe4 Rc2 29. Be5 Rxa2 30. Rc4 Re2 31. f4 f6 32. Bb8 f5
33. Be5 Re3 34. b4 Rb3 35. Kg2 b5 36. Rc2 Rxb4 37. Rd2+ Kc8 38. Rd6 Nc7 39.
Bxg7 a5 40. Rxh6 a4 41. Rc6 Rc4 42. Rxc4 bxc4 43. Kf2 Nd5 44. Ke2 a3 45. Ba1
Kd7 46. Kd2 Ke6 47. h3 Kd6 48. g4 fxg4 49. hxg4 Nxf4 50. Kc3 Kc5 51. g5 Ng6 52.
Kd2 Kb4 53. Kc2 Nf8 54. Bc3+ Ka4 55. Ba1 Kb5 56. Kc3 Ng6 57. Kc2 Nf4 58. Kd2
Kb4 59. Kc2 Kc5 60. Kd2 a2 61. Kc3 Ne2+ 62. Kb2 1/2-1/2

[Event "Est ch 2020 U16"]
[Site "Narva"]
[Date "2020.02.29"]
[Round "6.9"]
[White "Snitsarenko, Igor"]
[Black "Mertins, Ostap"]
[Result "1-0"]
[WhiteElo "1602"]
[BlackElo "1375"]
[PlyCount "79"]
[EventDate "2020.02.27"]
[EventCountry "EST"]
[SourceVersionDate "2020.03.16"]

1. e4 e6 2. d4 b6 3. Be3 Bb7 4. Bd3 Nf6 5. Nd2 d5 6. e5 Nfd7 7. f4 c5 8. c3 Nc6
9. Ngf3 c4 10. Bc2 b5 11. O-O Be7 12. Ng5 Bxg5 13. fxg5 Qe7 14. Qf3 a5 15. Rf2
g6 16. Raf1 Rf8 17. Qh3 Rh8 18. Rxf7 Qxf7 19. Rxf7 Kxf7 20. Nf3 b4 21. Nh4 Rab8
22. g4 Ba8 23. Bc1 Rbf8 24. Ng2 Bb7 25. Nf4 Ba8 26. Qe3 Bb7 27. h4 Ne7 28. h5
Bc6 29. Qd2 bxc3 30. bxc3 gxh5 31. gxh5 Rhg8 32. g6+ hxg6 33. hxg6+ Nxg6 34.
Nxg6 Rxg6+ 35. Bxg6+ Kxg6 36. Qg5+ Kf7 37. Qh5+ Kg8 38. Qg6+ Kh8 39. Qh6+ Kg8
40. Qxe6+ 1-0

[Event "Est ch 2020 U16"]
[Site "Narva"]
[Date "2020.02.29"]
[Round "6.10"]
[White "Mikko, Rondo"]
[Black "Kull, Tormi"]
[Result "1/2-1/2"]
[WhiteElo "1542"]
[BlackElo "1523"]
[PlyCount "70"]
[EventDate "2020.02.27"]
[EventCountry "EST"]
[SourceVersionDate "2020.03.16"]

1. Nf3 f5 2. d4 Nf6 3. c4 e6 4. g3 c6 5. Nc3 d5 6. cxd5 cxd5 7. Bg2 Nc6 8. Bg5
Bd6 9. O-O O-O 10. e3 Bd7 11. Nd2 Rc8 12. f4 h6 13. Bxf6 Qxf6 14. Nf3 Bb8 15.
Qe2 g5 16. Nd1 Nb4 17. Nc3 g4 18. Ne5 Qg7 19. a3 Nc6 20. Qf2 a6 21. Qd2 Bxe5
22. fxe5 Na5 23. Qe2 Rxc3 24. bxc3 Bb5 25. Qf2 Bxf1 26. Bxf1 Rc8 27. Qb2 Qg5
28. Kf2 Qd8 29. Qb4 h5 30. Rc1 h4 31. Rc2 h3 32. c4 dxc4 33. Bxc4 Nxc4 34. Rxc4
Rxc4 35. Qxc4 Qb6 1/2-1/2